000
00296nam a2200133Ia 4500
005
20251222152027.0
008
251222s9999||||xx |||||||||||||| ||spa||
020
_a
0674455134
082
_a
632.7/S83
100
_a
Strong, D.R
245
0
_a
Insects on plants
264
_b
Alianza
942
_c
LIB
999
_c
25508
_d
25508